000 00458nam a22001817a 4500
003 MPLRDC
005 20220104153021.0
008 210129b ||||| |||| 00| 0 eng d
082 _a128 ZTJ
100 _a张铁君
245 _a国父思想概要 - 国父遗教概要
_c
250 _a初版
260 _a
_b三民书局
_c1980
300 _b
490 _a大专学校教材; 各种考试用书
650 _a现代哲学
942 _cBK
_o128 ZTJ
999 _c53212
_d53202